000 00914 a2200241 4500
005 20140903175020.0
008 140217s2000 xxuad fr|||| 001 0 eng d
020 _a0520216407
020 _a9780520216402
040 _aCO-BoUCM
_bspa
_cJose A. Gerena
_dAldemar Mondragón
041 _aeng
245 0 4 _aThe consumer revolution in urban China
_ceditado por Daborah S. Davis
260 _bUniversity of California press
_aBerkeley (California, Estados Unidos)
_c2000
300 _axiii, 366 páginas
_bilustraciones, cuadros
504 _aIncluye referencias bibliográficas e índices
650 7 _aComportamiento del consumidor
_zChina
_956910
650 7 _aConsumidores
_zChina
_956909
650 7 _aConsumo (Economía)
_911731
690 _942795
_aEconomía
700 1 _aDavis, Deborah S.
_eeditor
_956395
942 _a7
_cLIBRO
_e1
_mC758
_2DEWEY
_h339.470951
999 _c184346
_d184346